LEADER 00800nas a2200217 i 4500 001 000000226476 003 CaOOAMICUS 005 20140203000000.0 008 140122b2013 be uu u0 0mul r 013 $a205378 040 $aSeMil$bita 245 10$a2013 : [2]. 260 $aLeuven :$bPeeters,$ccopyr. 2013. 300 $aP. [223]-536 ;$c24 cm. 500 $aArticoli con sintesi [Abstract] in testa. 773 0 $tRecherches de Théologie et Philosophie médiévales.$dLeuven : Peeters, copyr. 1997.$x1370-7493$w()3204 850 $aSeMil 852 $aSeMil$W1$xVenegono$y1$m54 2 64$j176822$B176822$CSeMilBibl$Z2$F187994 $85 961 $aCambio: Scuola Cattolica 996 $6245$a2013 : [2]$9(OLS)http://semarc/title/320418 996 $6260$aLeuven :$bPeeters$9(OLS)http://semarc/publisher/29755 LEADER 00606nas a2200157 i 4500 001 000000008963 003 CaOOAMICUS 005 20180830125439.0 008 180830s1998 it u0 ita u 040 $aSeMil$bita 110 0 $aIstituto Teologico Marchigiano .$0(OLS)http://semarc/name/2150 245 10$aPubblicazioni dell'Istituto teologico marchigiano. 260 $aMilano :$bMassimo,$ccopyr. 1998. 300 $av. ;$c20 cm. 996 $6245$aPubblicazioni dell'Istituto teologico marchigiano$9(OLS)http://semarc/title/11844 996 $6260$aMilano :$bMassimo$9(OLS)http://semarc/publisher/30297